Music Quiz

Random Music or Song Quiz

Tracks on the Back: Debut Albums Quiz Stats

 Plays Quiz Updated Sep 30, 2017

Score 0/20 Timer 05:00
28 Plays Today
Hint Answer % Correct
1987Guns N' Roses - Appetite for Destruction
88%
2008Lady Gaga - The Fame
84.4%
1983Cyndi Lauper - She's So Unusual
83.2%
1976Boston - s/t
80.5%
2004The Killers - Hot Fuss
73.4%
1978Dire Straits - s/t
73.3%
1999Christina Aguilera - s/t
71.2%
1969Led Zeppelin - Led Zeppelin I
71.2%
1962The Beach Boys - Surfin' Safari
67.2%
2013Lorde - Pure Heroine
66.9%
Hint Answer % Correct
1985Whitney Houston - s/t
64.4%
1982Culture Club - Kissing to Be Clever
61.5%
1966The Monkees - s/t
57%
1983R.E.M. - Murmur
48.6%
1994Hootie & the Blowfish - Cracked Rear View
48.3%
2005Rihanna - Music of the Sun
43%
1990Alice in Chains - Facelift
40.5%
1995Foo Fighters - s/t
38.5%
1989Nine Inch Nails - Pretty Hate Machine
37%
2011Ed Sheeran - +
36.6%

You're not logged in!

Compare scores with friends on all Sporcle quizzes.
OR
Log In

You Might Also Like...

Show Comments

Extras

Top Quizzes Today


Score Distribution

Your Account Isn't Verified!

In order to create a playlist on Sporcle, you need to verify the email address you used during registration. Go to your Sporcle Settings to finish the process.

Report this User

Report this user for behavior that violates our Community Guidelines.

Details: